000 00493nam a2200157Ia 4500
003 GCL
008 140319s9999 xx 000 0 eng d
040 _aGCL /
_cGCL
082 0 4 _a793.8
_bG F
100 1 _aCEARDNER, MARTIN
245 1 0 _aFRACTAL MUSIC, HYPERCARDS AND MARE: MATHEMATICAL RECREATIONS FROM SCIENTIFIC AMERICAN MAGAZINE /
_cCEARDNER, MARTIN
260 _a[S.N] :
_bW. H.FREEMAN AND COMPANY ،
_c1992
300 _a327 PP
650 0 4 _aMATHEMATICAL RECREATIONS
942 _2ddc
_cBK
999 _c24149
_d24149